000 00713cam a2200265 4500
008 090401t1994 xxu||||| |||| 00| 0 eng d
020 _a0406036772
035 _a(Sirsi) u41700
041 _aeng
050 _a720.026
100 _aBurns, Andrea
245 4 _aThe legal obligations of the architect.
260 _aLondon
_bButterworths
_c1994
300 _axix,223p. ; 25cm.
350 _a29.95
650 _aARCHITECTS
650 _aBUILT ENVIRONMENT-BUILDING CONTRACT FORMS-CONSTRUCTION COLLATERAL WARRANTY FORMS
650 _aLAW
650 _aLEGAL OBLIGATIONS
650 _aLIABILITY
650 _aPROFESSIONAL INDEMNITY INSURANCE
690 _aLAW
942 _n0
948 _c04/03/1997
999 _c90969
_d90969